Corporate Governance (Record no. 4375)

MARC details
005 - DATE AND TIME OF LATEST TRANSACTION
control field 20250619085209.0
020 ## - INTERNATIONAL STANDARD BOOK NUMBER
International Standard Book Number 0-07-142999-9
082 ## - DEWEY DECIMAL CLASSIFICATION NUMBER
Classification number 658.4 COL
100 ## - MAIN ENTRY--PERSONAL NAME
Author name COLLEY, J.
245 ## - TITLE STATEMENT
Title Corporate Governance
260 ## - PUBLICATION, DISTRIBUTION, ETC.
Place of publication, distribution, etc. New York
Name of publisher, distributor, etc. McGraw-Hill Irwin
Date of publication, distribution, etc. 2003.
300 ## - PHYSICAL DESCRIPTION
Extent xii, 259p.:ill.;charts, figures
Other physical details index
Dimensions 23cm
700 ## - ADDED ENTRY--PERSONAL NAME
Other authors/Editors Jacqueline L. Doyle
700 ## - ADDED ENTRY--PERSONAL NAME
Other authors/Editors George W. Logan
700 ## - ADDED ENTRY--PERSONAL NAME
Other authors/Editors Wallace Stettinius
942 ## - ADDED ENTRY ELEMENTS (KOHA)
Source of classification or shelving scheme Dewey Decimal Classification
Koha item type Books
Holdings
Date last seen Total checkouts Full call number Barcode Cost, replacement price Price effective from Koha item type Lost status Source of classification or shelving scheme Damaged status Not for loan Withdrawn status Home library Current library Shelving location Date acquired Source of acquisition Cost, normal purchase price
06/19/2025   658.4 COL MZA0001419 75000.00 06/19/2025 Books   Dewey Decimal Classification       CBE Mwanza CBE Mwanza General Collection 07/16/2007 Library Budget 25000.00
06/19/2025   658.4 COL MZA0001420 75000.00 06/19/2025 Books   Dewey Decimal Classification       CBE Mwanza CBE Mwanza General Collection 07/16/2007 Library Budget 25000.00
06/19/2025   658.4 COL MZA0001421 75000.00 06/19/2025 Books   Dewey Decimal Classification       CBE Mwanza CBE Mwanza General Collection 07/16/2007 Library Budget 25000.00
06/19/2025   658.4 COL MZA0001422 75000.00 06/19/2025 Books   Dewey Decimal Classification       CBE Mwanza CBE Mwanza General Collection 07/16/2007 Library Budget 25000.00
06/19/2025   658.4 COL MZA0001423 75000.00 06/19/2025 Books   Dewey Decimal Classification       CBE Mwanza CBE Mwanza General Collection 07/16/2007 Library Budget 25000.00
06/19/2025   658.4 COL MZA0001424 75000.00 06/19/2025 Books   Dewey Decimal Classification       CBE Mwanza CBE Mwanza General Collection 07/16/2007 Library Budget 25000.00